| 000 | 00774nam a2200241 a 4500 | ||
|---|---|---|---|
| 999 |
_c1504 _d1504 |
||
| 008 | 200107t2012 xxuad||g |||| 00| 0 eng d | ||
| 020 |
_a9780821394991 _c$. 25.95 |
||
| 040 |
_aKO _beng |
||
| 041 | 0 | _aeng | |
| 044 | _axxu | ||
| 082 | 0 | 4 |
_223 _a387.1640967 _bR1121 |
| 245 | 1 | 0 |
_aWhy Does Cargo Spend Weeks in Sub-Saharan African Ports? : _bLessons from six Countries / _cGael Raballand ... [et al.] |
| 260 |
_aWashington DC : _bTHE WORLD BANK, _c2012. |
||
| 300 |
_axvi , 144 p. : _bill., charts. ; _c23 cm |
||
| 650 | 0 |
_aFreight and freightage _zAfrica _vTextbooks |
|
| 650 | 0 |
_aShipping _vTextbooks _zAfrica |
|
| 700 |
_aRaballand, Gael _eaut |
||
| 700 |
_aRefas, Salim _eaut |
||
| 700 |
_aBeuran, Monica _eaut |
||
| 700 |
_aIsik, Gozde _eaut |
||
| 942 | _cBK | ||